Religion Quiz

Random Religion or Bible Quiz
Score 0/297 Timer 15:00
1 Play Today
% Correct
1st - Thou
95.6%
2nd - Thou
95.5%
2nd - Thou
95.5%
3rd - Thou
95.5%
4th - thou
95.5%
4th - thou
95.5%
4th - thou,
95.5%
6th - Thou
95.5%
7th - Thou
95.5%
8th - Thou
95.5%
9th - Thou
95.5%
10th - Thou
95.5%
10th - thou
95.5%
1st - no
95.3%
2nd - not
94.3%
2nd - not
94.3%
3rd - not
94.3%
3rd - not
94.3%
4th - not
94.3%
6th - not
94.3%
7th - not
94.3%
8th - not
94.3%
9th - not
94.3%
10th - not
94.3%
10th - not
94.3%
2nd - a
91.8%
1st - shalt
89%
2nd - shalt
89%
2nd - shalt
89%
3rd - shalt
89%
4th - shalt
89%
4th - shalt
89%
6th - shalt
89%
7th - shalt
89%
8th - shalt
89%
9th - shalt
89%
10th - shalt
89%
10th - shalt
89%
3rd - thy
87.8%
4th - thy
87.8%
4th - thy
87.8%
4th - thy
87.8%
4th - thy
87.8%
4th - thy
87.8%
4th - thy
87.8%
4th - thy
87.8%
4th - thy
87.8%
4th - thy
87.8%
5th - thy
87.8%
5th - thy
87.8%
5th - thy
87.8%
5th - thy
87.8%
9th - thy
87.8%
10th - thy
87.8%
10th - thy
87.8%
10th - thy
87.8%
2nd - thy
87.8%
2nd - God
87%
2nd - God,
87%
3rd - God
87%
4th - God:
87%
5th - God
87%
2nd - I
86.3%
2nd - the
85.2%
2nd - the
85.2%
2nd - the
85.2%
2nd - the
85.2%
2nd - the
85.2%
2nd - the
85.2%
2nd - the
85.2%
3rd - the
85.2%
3rd - the
85.2%
3rd - the
85.2%
4th - the
85.2%
4th - the
85.2%
4th - the
85.2%
4th - the
85.2%
4th - the
85.2%
4th - the
85.2%
4th - the
85.2%
4th - the
85.2%
4th - the
85.2%
5th - the
85.2%
5th - the
85.2%
2nd - the
85.2%
9th - neighbor.
84.5%
6th - kill.
83.2%
10th - covet
82%
10th - covet
82%
5th - be
81.3%
8th - steal.
80.2%
2nd - and
78.9%
2nd - and
78.9%
2nd - and
78.9%
4th - and
78.9%
4th - and
78.9%
4th - and
78.9%
4th - and
78.9%
5th - and
78.9%
% Correct
4th - and
78.9%
10th - wife,
78.3%
1st - other
77.2%
1st - me.
76%
2nd - me;
76%
2nd - me,
76%
5th - father
73.7%
2nd - LORD
73.2%
3rd - LORD
73.2%
3rd - LORD
73.2%
4th - LORD
73.2%
4th - LORD
73.2%
4th - LORD
73.2%
5th - LORD
73.2%
5th - mother:
72.3%
1st - have
71.9%
1st - gods
71.1%
10th - neighbor's
70.4%
10th - neighbor's
70.4%
10th - neighbor's.
70.4%
2nd - in
70.4%
2nd - in
70.4%
2nd - in
70.4%
3rd - in
70.4%
3rd - in
70.4%
4th - in
70.4%
4th - in
70.4%
4th - in
70.4%
5th - Honor
67.4%
9th - false
66.9%
1st - before
65.7%
2nd - of
65.6%
2nd - of
65.6%
2nd - of
65.6%
3rd - of
65.6%
4th - of
65.6%
2nd - of
65.6%
2nd - for
65.2%
3rd - for
65.2%
4th - For
65.2%
3rd - name
62.4%
3rd - name
62.4%
3rd - vain;
61.1%
3rd - vain.
61.1%
7th - commit
60.8%
4th - do
59.5%
4th - do
59.5%
7th - adultery.
59.3%
4th - sabbath
59.2%
4th - sabbath
59.2%
4th - sabbath
59.2%
3rd - take
58.7%
4th - holy.
57.3%
9th - witness
56.7%
2nd - is
55.6%
2nd - is
55.6%
2nd - is
55.6%
4th - is
55.6%
4th - is
55.6%
4th - is,
55.6%
10th - is
55.6%
9th - bear
55.3%
4th - it
55%
4th - it
55%
4th - it.
55%
2nd - keep
54.9%
4th - keep
54.9%
2nd - to
54.7%
4th - to
54.7%
2nd - am
53.8%
4th - day,
52.4%
4th - day
52.4%
4th - day:
52.4%
4th - day,
52.4%
2nd - any
52.3%
2nd - any
52.3%
2nd - any
52.3%
4th - any
52.3%
10th - any
52.3%
9th - against
49%
2nd - or
46.6%
2nd - or
46.6%
2nd - or
46.6%
10th - house,
45.2%
3rd - will
44.3%
2nd - that
43.3%
2nd - that
43.3%
2nd - that
43.3%
2nd - that
43.3%
2nd - that
43.3%
3rd - that
43.3%
4th - that
43.3%
4th - that
43.3%
5th - that
43.3%
10th - that
43.3%
2nd - make
42.6%
2nd - nor
42.2%
4th - nor
42.2%
4th - nor
42.2%
% Correct
4th - nor
42.2%
4th - nor
42.2%
4th - nor
42.2%
10th - nor
42.2%
10th - nor
42.2%
10th - nor
42.2%
10th - nor
42.2%
10th - nor
42.2%
2nd - image,
41.2%
3rd - his
40.1%
10th - his
40.1%
10th - his
40.1%
10th - his
40.1%
10th - his
40.1%
2nd - love
39.8%
2nd - thing
38%
10th - thing
38%
2nd - graven
37.6%
4th - work;
37.2%
4th - work,
37.2%
4th - But
36.8%
2nd - jealous
36.2%
2nd - heaven
35.7%
4th - heaven
35.7%
4th - Remember
35.4%
2nd - earth
35%
2nd - earth.
35%
4th - earth,
35%
4th - all
34.6%
4th - all
34.6%
10th - ass,
33.4%
2nd - my
32.9%
2nd - thee
32.8%
5th - thee.
32.8%
4th - seventh
32.2%
4th - seventh
32.2%
2nd - unto
31.4%
2nd - unto
31.4%
2nd - unto
31.4%
4th - son,
30.5%
10th - ox,
30.1%
4th - days
29%
4th - days
29%
5th - days
29%
5th - land
28.9%
2nd - above,
28.3%
4th - daughter,
27.8%
2nd - children
26.9%
4th - Six
26.3%
4th - six
26.3%
2nd - them,
25.5%
2nd - them:
25.5%
2nd - them
25.5%
2nd - them
25.5%
4th - them
25.5%
5th - may
25.2%
2nd - down
23.8%
4th - sea,
23.2%
4th - made
23.2%
2nd - bow
23.1%
5th - long
23%
2nd - under
22.7%
4th - labor
22.1%
2nd - water
21.6%
3rd - him
21.5%
4th - manservant,
21.5%
10th - manservant,
21.5%
2nd - upon
21.4%
5th - upon
21.4%
2nd - thyself
21.4%
4th - maidservant,
21%
10th - maidservant,
21%
4th - cattle,
20.6%
4th - rested
20.2%
5th - which
19.9%
2nd - commandments.
19.8%
3rd - taketh
19.5%
2nd - beneath,
19.4%
3rd - hold
18.7%
2nd - likeness
18.3%
2nd - fourth
17.8%
2nd - third
17.7%
2nd - generation
17.7%
2nd - hate
17.1%
2nd - fathers
15.8%
4th - within
14.6%
2nd - serve
14.5%
5th - giveth
14.3%
4th - blessed
14%
2nd - mercy
13.3%
2nd - visiting
13.2%
4th - stranger
13%
4th - gates;
12.7%
2nd - iniquity
12.6%
3rd - guiltless
12.4%
2nd - shewing
11.4%
2nd - thousands
11.3%
4th - hallowed
10.9%
4th - wherefore
8.8%

You're not logged in!

Compare scores with friends on all Sporcle quizzes.
OR
Log In

Sporcle TV

Today on Sporcle TV


Watch our educational content, quiz creation guides, and fun videos on Sporcle TV.

Show Comments

Extras

Top Quizzes Today


Score Distribution

Paid Content

Your Account Isn't Verified!

In order to create a playlist on Sporcle, you need to verify the email address you used during registration. Go to your Sporcle Settings to finish the process.

Report this User

Report this user for behavior that violates our Community Guidelines.

Details: